| 000 | 00452nam a22001457a 4500 | ||
|---|---|---|---|
| 005 | 20250110132001.0 | ||
| 008 | 250110b |||||||| |||| 00| 0 eng d | ||
| 020 | _a9780231692 | ||
| 050 |
_aJA84 _b.N6 DOK |
||
| 245 |
_aPhilosophy and politics; _bDiscourse on values, politics and power in Africa _cedited by Maduabuchi Dukor |
||
| 260 |
_aLagos _bMalthouse Press Ltd _cc2003 |
||
| 300 | _axxx, 422p | ||
| 700 | _aed. Maduabuchi Dukor | ||
| 942 |
_2lcc _cBK _n0 |
||
| 999 |
_c2513 _d2513 |
||